No Control - One Direction (All Lyrics) - Statistics

General Stats
  • This quiz has been taken 334 times
  • The average score is 191 of 231
Answer Stats
Answer % Correct
I
99%
no
99%
a
98%
control
98%
you
98%
up
95%
can't
94%
I'm
94%
gun
92%
waking
92%
all
91%
anymore
90%
beside
90%
loaded
90%
it
89%
my
89%
and
88%
this
88%
got
87%
the
87%
yours
87%
just
85%
of
85%
don't
84%
enough
84%
contain
83%
where
82%
it's
81%
lay
81%
get
79%
her
79%
obvious
79%
care
78%
powerless
78%
are
77%
sweet
77%
closed
76%
eyes
76%
here
76%
in
76%
coffee
75%
cup
75%
on
75%
not
71%
down
69%
day
68%
sour
68%
Stained
66%
senses
65%
stay
65%
count
64%
lipstick's
64%
lost
64%
could
63%
hours
63%
right
63%
fingerprint
62%
heat
62%
me
62%
burn
61%
night
61%
pillowcase
60%
pedals
59%
pedal's
59%
taste
59%
wanna
59%
away
58%
before
58%
innocence
58%
wash
58%
lying
57%
tongue
56%
trace
56%
devour
55%
still
55%
perfume's
54%
holding
53%
defenseless
46%
ransom
45%
heart
42%
ofyou
14%
I just
12%
No matching quizzes found
Score Distribution
Percent of People with Each Score
Percentile by Number Answered
Your Score History
You have not taken this quiz